Statistics for QuizKnock 朝からそれ正解! #3

Click here to take the quiz!

General Stats

  • This quiz has been taken 20 times
  • The average score is 39 of 108

Answer Stats

Answer% Correct
{死後}の世界
95%
{竹}の成長
79%
シドニー{オペラハウス}
74%
{iPhone} XS
74%
肉球
68%
しあわせの{青い鳥}
68%
にゃんこ
68%
河村
68%
68%
68%
ブリリアントカット
63%
タキオン
63%
{シミュラクラ}現象
63%
川上
63%
にゃんにゃん
63%
above
63%
にゅうめん
53%
実験
53%
故障した{自転車}
53%
骨董品の{つぼ}
53%
平和
47%
{タンブンホン}のスマッシュ
47%
アコンカグア
47%
平成
47%
自習
47%
あべのハルカス
42%
42%
{返信}のはやさ
42%
受験
42%
{コストコ}のピザ
42%
ブリンブリン
37%
アンデス山脈
37%
アンナプルナ
37%
32%
アルプス山脈
32%
平穏
32%
{ブミプトラ}政策
32%
こども
26%
コアラ
26%
部屋
26%
Amazon
26%
ジェンガ
21%
平静
21%
へそのお
21%
煮こごり
16%
ブライダルウェア
16%
コーン
16%
シライ/グエン
16%
神津恭介
16%
コオロギ
16%
コカイン
16%
平常心
16%
仮面ライダー
16%
ジグソーパズル
16%
駿貴須貝
16%
ヘリテージ
11%
持久走
11%
タイガー
11%
ブルボン
11%
劈開面
11%
深海
11%
重量挙げ
11%
宅急便
11%
ヘルス
11%
ブレスレット
11%
こけし
5%
ブルーライト
5%
カシアス内藤
5%
ブーゲンビリア
5%
韓信
5%
システィーナ礼拝堂
5%
謝肉祭
5%
慣性力
5%
祝勝会
0%
子孫繫栄
0%
舞踏会
0%
カーブラックホール
0%
ニャッキ
0%
タクシー
0%
コラ画像
0%

Score Distribution

Percentile by Number Answered

Percent of People with Each Score

Your Score History

You have not taken this quiz